000 00306 a2200121 4500
005 20260317130954.0
020 _a9780137381258
100 _aMILLER,M
245 _aMy Video Chart for Seniors
260 _aNew york
_bPearson education
_c2021
300 _axvii,287p;ill;picture
_bIndex
_c23cm
942 _2ddc
_cBKS
999 _c6855
_d6855